Statistieken voor Wedstrijden van de UCI World Tour

Klik hier om de quiz te nemen!

Algemene statistieken

  • Deze quiz is 97 keer genomen
  • De gemiddelde score is 24 van 38

Antwoordstatistieken

Datum 2019LandUCI World Tour% Correct
6 tot 28 juliFrankrijkRonde van {Frankrijk}
94%
3 aprilBelgiëDwars door {Vlaanderen}
93%
7 aprilBelgiëRonde van {Vlaanderen}
93%
24 augustus tot 15 septemberSpanjeRonde van {Spanje}
92%
15 tot 23 juniZwitserlandRonde van {Zwitserland}
92%
14 aprilFrankrijkParijs | Roubaix
90%
11 mei tot 2 juniItaliëRonde van {Italië}
90%
10 tot 17 maartFrankrijkParijs | Nice
87%
24 aprilBelgië{Waalse} Pijl
87%
21 aprilNederland{Amstel Gold} Race
86%
3 tot 9 augustusPolenRonde van {Polen}
86%
2 maartBelgiëOmloop {Het Nieuwsblad}
85%
9 tot 16 juniFrankrijkCritérium du {Dauphiné}
83%
23 maartItaliëMilaan | San Remo
83%
3 augustusSpanjeClassica {San Sebastian}
79%
15 tot 20 januariAustraliëTour {Down Under}
77%
27 maartBelgiëDriedaagse {Brugge | De Panne}
75%
28 aprilBelgiëLuik | Bastenaken
72%
31 maartBelgiëGent | Wevelgem
68%
16 tot 21 aprilTurkijeRonde van {Turkije}
68%
13 tot 19 maartItaliëTirreno | Adriatico
66%
12 septemberItaliëRonde van {Lombardije}
65%
15 septemberCanadaGrote Prijs van {Montreal}
61%
25 februari tot 2 maartVer. Arab. Emir.Ronde van {de VAE}
59%
13 septemberCanadaGrote Prijs van {Quebec}
58%
8 tot 13 aprilSpanjeRonde van {het Baskenland}
56%
9 maartItaliëStrade Bianche
56%
29 maartBelgiëE3 Harelbeke
55%
25 tot 31 maartSpanjeRonde van {Catalonië}
45%
12 tot 18 augustusNederland en België{BinckBank} Tour
37%
30 april tot 5 meiZwitserlandRonde van {Romandië}
37%
12 tot 18 meiVerenigde StatenRonde van {Californië}
34%
1 meiDuitslandEschborn | Frankfurt
24%
27 januariAustralië{Great Ocean} Road Race
21%
1 septemberFrankrijk{Bretagne} Classic
18%
4 augustusVerenigd Koninkrijk{RideLondon} Classic
15%
17 tot 22 oktoberChinaRonde van {Guangxi}
13%
25 augustusDuitsland{EuroEyes} Cyclassics
4%

Scoreverdeling

Percentiel versus Aantal Correcte Antwoorden

Procent van Mensen met Elke Score

Uw Scoregeschiedenis

U heeft deze quiz nog niet genomen